[Event "Rhein Main op-A 24th"]
[Site "Bad Homburg"]
[Date "2022.06.16"]
[Round "2"]
[White "Akhmatovski, Maxim"]
[Black "Wanie, Karsten"]
[Result "1/2-1/2"]
[WhiteElo "1730"]
[BlackElo "2093"]
[PlyCount "87"]
[EventDate "2022.06.15"]
[EventType "swiss"]
[EventRounds "7"]
[EventCountry "GER"]
[SourceTitle "EXT 2023"]
[Source "ChessBase"]
[SourceDate "2022.10.05"]
[SourceVersion "1"]
[SourceVersionDate "2022.10.05"]
[SourceQuality "1"]

1. c4 e6 2. g3 d5 3. Bg2 Nf6 4. Nf3 d4 5. 0-0 c5 6. e3 Nc6 7. exd4 cxd4 8. Re1 Bd6 9. d3 h6 10. Na3 0-0 11. Nc2 a5 12. Ncxd4 Nxd4 13. Nxd4 Bb4 14. Nf3 Bxe1 15. Nxe1 e5 16. b3 Re8 17. Bb2 Bg4 18. Qd2 Qc7 19. Nc2 Rad8 20. Ne3 Bd7 21. Rc1 b6 22. d4 exd4 23. Bxd4 Bc8 24. Qb2 Qd6 25. Nd5 Nxd5 26. Bxd5 Qg6 27. f3 Qd3 28. Bxb6 Re2 29. Qc3 Qxc3 30. Rxc3 Rde8 31. g4 Rxa2 32. Be3 Be6 33. Rd3 Rb8 34. Bf4 Rc8 35. Bb7 Re8 36. Kf1 g5 37. Bg3 h5 38. h3 f5 39. Bc6 Rc8 40. Bd5 Bxd5 41. Rxd5 hxg4 42. hxg4 a4 43. bxa4 fxg4 44. Rxg5+ 1/2-1/2

[Event "Rhein Main op-A 24th"]
[Site "Bad Homburg"]
[Date "2022.06.15"]
[Round "1"]
[White "Wanie, Karsten"]
[Black "Wilk, Jan"]
[Result "1/2-1/2"]
[WhiteElo "2093"]
[BlackElo "1835"]
[PlyCount "132"]
[EventDate "2022.06.15"]
[EventType "swiss"]
[EventRounds "7"]
[EventCountry "GER"]
[SourceTitle "EXT 2023"]
[Source "ChessBase"]
[SourceDate "2022.10.05"]
[SourceVersion "1"]
[SourceVersionDate "2022.10.05"]
[SourceQuality "1"]

1. d4 Nf6 2. c4 g6 3. Nc3 Bg7 4. e4 0-0 5. h3 d6 6. Bg5 b6 7. Nf3 Bb7 8. Bd3 c5 9. d5 Nbd7 10. 0-0 Re8 11. Re1 e5 12. Qd2 Nf8 13. a3 Ba6 14. b4 Qc7 15. Nb5 Bxb5 16. cxb5 Nxd5 17. exd5 e4 18. Rac1 exf3 19. bxc5 bxc5 20. g4 Nd7 21. Be4 Ne5 22. a4 Qd7 23. Bf4 Nxg4 24. Bxf3 Ne5 25. Bg2 Qf5 26. Bxe5 Bxe5 27. Re4 Bh2+ 28. Kxh2 Rxe4 29. Bxe4 Qe5+ 30. Kg1 Qxe4 31. Qd1 Re8 32. Rc3 Re5 33. Re3 Rxd5 34. Rxe4 Rxd1+ 35. Kg2 Kf8 36. Kf3 d5 37. Re5 c4 38. Ke2 Rd3 39. a5 d4 40. Rc5 Ra3 41. b6 axb6 42. axb6 d3+ 43. Ke3 Rb3 44. Rc6 Kg7 45. h4 Rb2 46. Rxc4 Rxb6 47. Kxd3 Kh6 48. Ke2 Re6+ 49. Kf3 f5 50. Rc7 Re4 51. Kg3 Rg4+ 52. Kh3 g5 53. hxg5+ Rxg5 54. Rc4 Rg1 55. Ra4 Rb1 56. Rc4 Rb3+ 57. Kg2 Kg5 58. Rc7 h6 59. Rg7+ Kf6 60. Rh7 Kg6 61. Rh8 f4 62. Rf8 Kg5 63. Rg8+ Kh4 64. Rf8 Kg5 65. Rg8+ Kf5 66. Rf8+ Kg5 1/2-1/2

[Event "Pfalz op-A 11th"]
[Site "Neustadt an der Weinstrasse"]
[Date "2020.02.24"]
[Round "6"]
[White "Wanie, Karsten"]
[Black "Chernov, Vadim A"]
[Result "0-1"]
[WhiteElo "2121"]
[BlackElo "2338"]
[PlyCount "74"]
[EventDate "2020.02.21"]
[EventType "swiss"]
[EventRounds "9"]
[EventCountry "GER"]
[SourceTitle "CBM 195 Extra"]
[Source "ChessBase"]
[SourceDate "2020.05.31"]
[SourceVersion "1"]
[SourceVersionDate "2020.05.31"]
[SourceQuality "1"]

1. d4 Nf6 2. Nf3 d6 3. c4 Nbd7 4. Nc3 g6 5. e4 e5 6. d5 Nc5 7. Qc2 a5 8. Bg5 h6 9. Be3 b6 10. h3 h5 11. Ng5 Be7 12. Qd2 h4 13. Be2 Nh5 14. Bxh5 Rxh5 15. Nf3 f5 16. Qc2 Bf6 17. b3 Bd7 18. Bxc5 bxc5 19. a4 Rb8 20. Nb5 Kf7 21. Qe2 Qe7 22. Nd2 Bg5 23. exf5 Bxd2+ 24. Qxd2 gxf5 25. Qxa5 Bxb5 26. axb5 Rg5 27. Rg1 e4 28. Qc3 f4 29. Kf1 Rbg8 30. Ra7 e3 31. fxe3 fxe3 32. b6 Qe4 33. Rxc7+ Kg6 34. Ke2 Rxg2+ 35. Rxg2+ Qxg2+ 36. Kxe3 Re8+ 37. Kd3 Qe2# 0-1

[Event "Pfalz op-A 11th"]
[Site "Neustadt an der Weinstrasse"]
[Date "2020.02.23"]
[Round "4"]
[White "Wanie, Karsten"]
[Black "Podat, Vladimir"]
[Result "0-1"]
[WhiteElo "2121"]
[BlackElo "2310"]
[PlyCount "78"]
[EventDate "2020.02.21"]
[EventType "swiss"]
[EventRounds "9"]
[EventCountry "GER"]
[SourceTitle "CBM 195 Extra"]
[Source "ChessBase"]
[SourceDate "2020.05.31"]
[SourceVersion "1"]
[SourceVersionDate "2020.05.31"]
[SourceQuality "1"]

1. d4 Nf6 2. Nf3 g6 3. Bg5 Bg7 4. Nbd2 d6 5. c3 h6 6. Bh4 g5 7. Bg3 Nh5 8. e4 Nd7 9. Bd3 c5 10. d5 Nxg3 11. hxg3 g4 12. Nh4 Ne5 13. Nc4 Nxd3+ 14. Qxd3 b5 15. Ne3 c4 16. Qd2 h5 17. Nhf5 Bf6 18. a4 Bxf5 19. Nxf5 a6 20. Ke2 Rb8 21. Nd4 Bxd4 22. Qxd4 f6 23. axb5 axb5 24. Ra7 Kf7 25. Ke3 b4 26. cxb4 Rxb4 27. Rc1 Qb8 28. Rc3 Rxb2 29. Rxc4 Rb3+ 30. Kd2 Rc8 31. Rxc8 Qxc8 32. Ra2 Rb1 33. Rc2 Qa6 34. Qc4 Qb6 35. Ke2 Rb4 36. Qd3 Rd4 37. Qe3 Qb5+ 38. Ke1 Qb4+ 39. Kf1 Rd1+ 0-1

[Event "Pfalz op 10th"]
[Site "Neustadt an der Weinstrasse"]
[Date "2019.03.02"]
[Round "2"]
[White "Degenhard, Simon"]
[Black "Wanie, Karsten"]
[Result "0-1"]
[WhiteElo "2259"]
[BlackElo "2088"]
[PlyCount "46"]
[EventDate "2019.03.01"]
[EventType "swiss"]
[EventRounds "9"]
[EventCountry "GER"]
[SourceTitle "CBM 189 Extra"]
[Source "ChessBase"]
[SourceDate "2019.06.03"]
[SourceVersion "1"]
[SourceVersionDate "2019.06.03"]
[SourceQuality "1"]

1. d4 d5 2. c4 c6 3. cxd5 cxd5 4. Nc3 Nf6 5. Bf4 Nc6 6. e3 Bf5 7. Qb3 Na5 8. Qa4+ Bd7 9. Qc2 e6 10. Bd3 Rc8 11. Nge2 Be7 12. f3 Nh5 13. Bxh7 Nxf4 14. Nxf4 Nc4 15. Kf2 Bg5 16. Bd3 Nxe3 17. Kxe3 e5 18. Kf2 Bxf4 19. g3 exd4 20. Qe2+ Be3+ 21. Ke1 Qa5 22. Kd1 0-0 23. b4 Qa3 0-1

[Event "Erfurt op 28th"]
[Site "Erfurt"]
[Date "2018.12.30"]
[Round "8"]
[White "Pallas, Sebastian"]
[Black "Wanie, Karsten"]
[Result "1-0"]
[WhiteElo "2292"]
[BlackElo "2111"]
[PlyCount "47"]
[EventDate "2018.12.26"]
[EventType "swiss"]
[EventRounds "8"]
[EventCountry "GER"]
[SourceTitle "CBM 188 Extra"]
[Source "ChessBase"]
[SourceDate "2019.02.26"]
[SourceVersion "1"]
[SourceVersionDate "2019.02.26"]
[SourceQuality "1"]

1. e4 c6 2. d4 d5 3. Nc3 dxe4 4. Nxe4 Bf5 5. Ng3 Bg6 6. h4 h6 7. Nf3 Nd7 8. h5 Bh7 9. Bd3 Bxd3 10. Qxd3 e6 11. Bd2 Ngf6 12. 0-0-0 Be7 13. Ne4 Qb6 14. c4 Rd8 15. Nxf6+ Nxf6 16. Qc2 Ng4 17. Bc3 Bb4 18. Bxb4 Qxb4 19. Kb1 0-0 20. Rd3 b5 21. Rc3 Rd7 22. Rc1 Rfd8 23. Qe4 Nxf2 24. Qh4 1-0

[Event "Erfurt MT op 27th"]
[Site "Erfurt"]
[Date "2017.12.28"]
[Round "4"]
[White "Stein, Robert"]
[Black "Wanie, Karsten"]
[Result "1-0"]
[WhiteElo "2215"]
[BlackElo "2100"]
[PlyCount "81"]
[EventDate "2017.12.26"]
[EventType "swiss"]
[EventRounds "8"]
[EventCountry "GER"]
[SourceTitle "CBM 182 Extra"]
[Source "ChessBase"]
[SourceDate "2018.02.23"]
[SourceVersion "1"]
[SourceVersionDate "2018.02.23"]
[SourceQuality "1"]

1. d4 d5 2. c4 c6 3. Nf3 Nf6 4. e3 Bf5 5. Nc3 e6 6. Nh4 Bg6 7. Nxg6 hxg6 8. Qe2 Nbd7 9. cxd5 cxd5 10. g3 Bb4 11. Bd2 Bxc3 12. Bxc3 Ne4 13. Bb4 a6 14. Qd1 Qf6 15. Qe2 Rc8 16. Bg2 Qg5 17. 0-0 f5 18. Rac1 Kf7 19. Rxc8 Rxc8 20. f3 Nef6 21. e4 Qh5 22. g4 Qh4 23. Bd6 Ne8 24. Bg3 Qf6 25. Qd2 Rc4 26. Rd1 Nc7 27. b3 Rc6 28. a4 Qe7 29. Re1 Qd8 30. Qe3 Nf6 31. gxf5 gxf5 32. Be5 dxe4 33. fxe4 Ng4 34. Qg3 Nxe5 35. Qxe5 Rd6 36. exf5 exf5 37. Qxf5+ Kg8 38. Qh5 Rxd4 39. Be4 Qf6 40. Qh7+ Kf8 41. Rf1 1-0

[Event "Rhein Main op-A 20th"]
[Site "Bad Homburg"]
[Date "2017.06.15"]
[Round "2"]
[White "Schnepp, Gunnar"]
[Black "Wanie, Karsten"]
[Result "1-0"]
[WhiteElo "2337"]
[BlackElo "2096"]
[PlyCount "129"]
[EventDate "2017.06.14"]
[EventType "swiss"]
[EventRounds "7"]
[EventCountry "GER"]
[SourceTitle "EXT 2018"]
[Source "ChessBase"]
[SourceDate "2017.10.13"]
[SourceVersion "1"]
[SourceVersionDate "2017.10.13"]
[SourceQuality "1"]

1. Nf3 d5 2. c4 c6 3. e3 Nf6 4. Nc3 g6 5. cxd5 cxd5 6. Bb5+ Bd7 7. Qb3 Bxb5 8. Qxb5+ Qd7 9. Ne5 Qxb5 10. Nxb5 Na6 11. d4 Bg7 12. b3 Nd7 13. Nd3 0-0 14. Ba3 Rfe8 15. Ke2 e5 16. Nd6 Re6 17. dxe5 Nxe5 18. Nf4 Re7 19. Nxd5 Rd7 20. Rad1 Nc7 21. Nxc7 Rxc7 22. Rc1 Rd7 23. Rhd1 Bf8 24. f4 Bxd6 25. Bxd6 Nc6 26. Bc5 Rad8 27. Rxd7 Rxd7 28. b4 a6 29. a4 f5 30. b5 axb5 31. axb5 Nd8 32. Bb6 Ne6 33. Rc8+ Kf7 34. Rb8 h5 35. h3 Kg7 36. Kf3 Kf7 37. g4 hxg4+ 38. hxg4 Ng7 39. Ba5 Ne8 40. Bc3 Nd6 41. b6 Ne4 42. Bd4 Nd2+ 43. Ke2 Nb3 44. g5 Nxd4+ 45. exd4 Ke6 46. Kd3 Kd5 47. Rc8 Rh7 48. Rc5+ Kd6 49. Kc4 Rh1 50. Rd5+ Kc6 51. Rd8 Rc1+ 52. Kd3 Rd1+ 53. Ke2 Rb1 54. Rg8 Kd5 55. Rxg6 Ke4 56. Re6+ Kxf4 57. g6 Rg1 58. Kf2 Ra1 59. g7 Ra2+ 60. Re2 Ra8 61. Re7 Ra2+ 62. Re2 Ra8 63. d5 Kg5 64. d6 Kf6 65. d7 1-0

[Event "Rhein Main op-A 20th"]
[Site "Bad Homburg"]
[Date "2017.06.15"]
[Round "3"]
[White "Wanie, Karsten"]
[Black "Reimer, Otto"]
[Result "1-0"]
[WhiteElo "2096"]
[BlackElo "1951"]
[PlyCount "91"]
[EventDate "2017.06.14"]
[EventType "swiss"]
[EventRounds "7"]
[EventCountry "GER"]
[SourceTitle "EXT 2018"]
[Source "ChessBase"]
[SourceDate "2017.10.13"]
[SourceVersion "1"]
[SourceVersionDate "2017.10.13"]
[SourceQuality "1"]

1. d4 Nf6 2. c4 g6 3. Nc3 Bg7 4. e4 d6 5. h3 0-0 6. Nf3 e5 7. d5 c6 8. Bg5 cxd5 9. cxd5 a6 10. a4 b6 11. Be2 Nbd7 12. 0-0 h6 13. Be3 Nc5 14. Nd2 Nh7 15. b4 Nd7 16. Nc4 f5 17. Nxd6 f4 18. Bd2 Ndf6 19. Nxc8 Qxc8 20. Rc1 Qd8 21. Bf3 Ng5 22. Kh2 h5 23. g3 Qd7 24. Bg2 Qd6 25. f3 fxg3+ 26. Kxg3 h4+ 27. Kh2 Nf7 28. Ne2 Rac8 29. Qb3 g5 30. b5 a5 31. Rc6 Rxc6 32. bxc6 Qc7 33. Be3 Rb8 34. Rb1 Ne8 35. Bxb6 Qc8 36. Qc2 Qa6 37. c7 Ra8 38. Bf1 Qc8 39. Qc6 Nfd6 40. Nc3 g4 41. hxg4 Bf8 42. Bh3 Qa6 43. Nb5 Bh6 44. Bf1 Bf4+ 45. Kg2 Nxb5 46. Bxb5 1-0

[Event "Rhein Main op-A 20th"]
[Site "Bad Homburg"]
[Date "2017.06.14"]
[Round "1"]
[White "Wanie, Karsten"]
[Black "Kretner, Georg Ulrich"]
[Result "1-0"]
[WhiteElo "2096"]
[BlackElo "1853"]
[PlyCount "85"]
[EventDate "2017.06.14"]
[EventType "swiss"]
[EventRounds "7"]
[EventCountry "GER"]
[SourceTitle "EXT 2018"]
[Source "ChessBase"]
[SourceDate "2017.10.13"]
[SourceVersion "1"]
[SourceVersionDate "2017.10.13"]
[SourceQuality "1"]

1. d4 f5 2. Nf3 Nf6 3. Bf4 e6 4. e3 d5 5. c4 c6 6. Nc3 Be7 7. Bd3 0-0 8. h3 Bd7 9. g4 Ne4 10. gxf5 exf5 11. Qb3 Nxc3 12. bxc3 Qb6 13. cxd5 Qxb3 14. axb3 cxd5 15. Ne5 Be6 16. Kd2 Nc6 17. Nxc6 bxc6 18. b4 Bd8 19. Bd6 Rf7 20. f4 Bb6 21. Rhg1 Re8 22. Be5 Bd8 23. Ra6 Bb6 24. Raa1 Bd8 25. Be2 Bf6 26. Ra6 Bxe5 27. dxe5 Rc8 28. Rga1 Rcc7 29. b5 Bd7 30. Rxa7 Rxa7 31. Rxa7 cxb5 32. Ra8+ Rf8 33. Rxf8+ Kxf8 34. Kd3 Ke7 35. Kd4 Ke6 36. h4 h6 37. Bh5 Bc6 38. Bg6 Bd7 39. Kc5 Bc8 40. Kxb5 Bd7+ 41. Kc5 Ba4 42. Kd4 Bb5 43. Bh7 1-0

[Event "Heusenstamm Sparkassen op-A 3rd"]
[Site "Heusenstamm"]
[Date "2016.11.24"]
[Round "1"]
[White "Wanie, Karsten"]
[Black "Jennewein, Norbert"]
[Result "1/2-1/2"]
[WhiteElo "2145"]
[BlackElo "1877"]
[PlyCount "90"]
[EventDate "2016.11.24"]
[EventType "swiss"]
[EventRounds "7"]
[EventCountry "GER"]
[SourceTitle "EXT 2018"]
[Source "ChessBase"]
[SourceDate "2017.10.13"]
[SourceVersion "1"]
[SourceVersionDate "2017.10.13"]
[SourceQuality "1"]

1. d4 d5 2. c4 dxc4 3. Nf3 a6 4. e3 Bg4 5. Bxc4 e6 6. h3 Bh5 7. Nc3 Nf6 8. g4 Bg6 9. Ne5 Nbd7 10. Nxg6 hxg6 11. Qf3 c6 12. Bb3 Nd5 13. e4 Nxc3 14. bxc3 Qf6 15. Qxf6 gxf6 16. h4 e5 17. Be3 Bd6 18. Ke2 a5 19. a4 Rh7 20. h5 0-0-0 21. hxg6 Rxh1 22. Rxh1 fxg6 23. Rh6 Nf8 24. Bf7 b5 25. axb5 cxb5 26. Kd3 exd4 27. cxd4 Rd7 28. Bd5 Rc7 29. Rh8 b4 30. Bh6 Rc3+ 31. Kd2 Rh3 32. e5 fxe5 33. dxe5 Rxh6 34. Rxh6 Bxe5 35. Kc2 a4 36. Rh3 Kc7 37. Rf3 Nd7 38. Rf7 Kd6 39. Ba2 Nc5 40. f4 Bd4 41. f5 gxf5 42. gxf5 b3+ 43. Bxb3 axb3+ 44. Kb1 b2 45. Kc2 Ne4 1/2-1/2

[Event "Rhein Main op-A 19th"]
[Site "Bad Homburg"]
[Date "2016.05.28"]
[Round "6"]
[White "Wanie, Karsten"]
[Black "Ochmann, Reimund"]
[Result "1-0"]
[WhiteElo "2154"]
[BlackElo "2037"]
[PlyCount "81"]
[EventDate "2016.05.25"]
[EventType "swiss"]
[EventRounds "7"]
[EventCountry "GER"]
[SourceTitle "EXT 2017"]
[Source "ChessBase"]
[SourceDate "2016.10.25"]
[SourceVersion "1"]
[SourceVersionDate "2016.10.25"]
[SourceQuality "1"]

1. d4 d5 2. c4 c6 3. Nf3 Nf6 4. Nc3 dxc4 5. e4 b5 6. e5 Nd5 7. a4 e6 8. axb5 Nxc3 9. bxc3 cxb5 10. Ng5 Bb7 11. Qh5 g6 12. Qg4 Be7 13. Be2 Bd5 14. 0-0 Nc6 15. Bf3 a5 16. Ne4 h6 17. h4 Rb8 18. Nd6+ Bxd6 19. Bxd5 exd5 20. exd6 Kf8 21. Qf3 Kg7 22. Qxd5 Qd7 23. Bf4 Rb6 24. Qc5 Rhb8 25. d5 Qf5 26. Bg3 Ne5 27. Rxa5 Nd7 28. Qd4+ Qf6 29. Qe3 R6b7 30. Re1 Qf5 31. Qd4+ Qf6 32. Qe3 Qf5 33. Bf4 h5 34. Qd4+ Qf6 35. Qxf6+ Kxf6 36. Re7 Kg7 37. Ra6 Nb6 38. d7 Rd8 39. Rxb6 Rxb6 40. Bc7 b4 41. Bxb6 1-0

[Event "Rhein Main op-A 19th"]
[Site "Bad Homburg"]
[Date "2016.05.27"]
[Round "4"]
[White "Wanie, Karsten"]
[Black "Weil, Michael"]
[Result "1-0"]
[WhiteElo "2154"]
[BlackElo "1956"]
[PlyCount "47"]
[EventDate "2016.05.25"]
[EventType "swiss"]
[EventRounds "7"]
[EventCountry "GER"]
[SourceTitle "EXT 2017"]
[Source "ChessBase"]
[SourceDate "2016.10.25"]
[SourceVersion "1"]
[SourceVersionDate "2016.10.25"]
[SourceQuality "1"]

1. d4 d5 2. c4 e6 3. Nc3 f5 4. Nf3 Nf6 5. Bf4 c6 6. e3 Be7 7. Qc2 0-0 8. Bd3 Ne4 9. g4 g6 10. h4 Na6 11. a3 Qa5 12. Ke2 Nxc3+ 13. bxc3 dxc4 14. Bxc4 b5 15. Ba2 Nc7 16. Ne5 Bb7 17. gxf5 Rxf5 18. Qxf5 gxf5 19. Bh6 Bf6 20. Rag1+ Bg7 21. Rxg7+ Kf8 22. Rf7+ Ke8 23. Rg1 Kd8 24. Rd7+ 1-0

[Event "Rhein Main op-A 19th"]
[Site "Bad Homburg"]
[Date "2016.05.26"]
[Round "2"]
[White "Wanie, Karsten"]
[Black "Egenolf, Dirk"]
[Result "0-1"]
[WhiteElo "2154"]
[BlackElo "1987"]
[PlyCount "80"]
[EventDate "2016.05.25"]
[EventType "swiss"]
[EventRounds "7"]
[EventCountry "GER"]
[SourceTitle "EXT 2017"]
[Source "ChessBase"]
[SourceDate "2016.10.25"]
[SourceVersion "1"]
[SourceVersionDate "2016.10.25"]
[SourceQuality "1"]

1. d4 Nf6 2. c4 g6 3. Nc3 Bg7 4. e4 d6 5. h3 0-0 6. Nf3 e5 7. d5 Nbd7 8. Bg5 h6 9. Be3 Kh7 10. g4 Ne8 11. b4 a5 12. a3 axb4 13. axb4 Rxa1 14. Qxa1 Ndf6 15. Bd3 Ng8 16. Qa8 Bf6 17. c5 Be7 18. c6 b6 19. Kd2 Kh8 20. Rg1 f5 21. gxf5 gxf5 22. exf5 Bxf5 23. Qxd8 Bxd8 24. Bxf5 Rxf5 25. Ke2 Bf6 26. Ne4 Bg7 27. Nfd2 Ne7 28. Ra1 Nxd5 29. Ra8 Rf8 30. b5 Kg8 31. Rc8 Ne7 32. Rd8 d5 33. Rd7 Kf7 34. Nc3 Ke6 35. Bxb6 cxb6 36. Na4 Nd6 37. Nxb6 Nxb5 38. Nxd5 Nd4+ 39. Kd3 Ndxc6 40. Rc7 Kxd5 0-1

[Event "Staufer op-A 28th"]
[Site "Schwaebisch Gmuend"]
[Date "2016.01.05"]
[Round "7"]
[White "Gheng, Josef"]
[Black "Wanie, Karsten"]
[Result "1-0"]
[WhiteElo "2317"]
[BlackElo "2170"]
[PlyCount "49"]
[EventDate "2016.01.02"]
[EventType "swiss"]
[EventRounds "9"]
[EventCountry "GER"]
[SourceTitle "CBM 170 Extra"]
[Source "ChessBase"]
[SourceDate "2016.02.25"]
[SourceVersion "1"]
[SourceVersionDate "2016.02.25"]
[SourceQuality "1"]

1. c4 c6 2. Nf3 d5 3. e3 Nf6 4. b3 Bg4 5. Bb2 e6 6. h3 Bh5 7. Be2 Nbd7 8. a3 a5 9. d3 Bd6 10. g4 Bg6 11. g5 Nh5 12. h4 h6 13. Rg1 Qe7 14. Nc3 hxg5 15. hxg5 f6 16. Nh4 Qf7 17. gxf6 Bf5 18. Nxf5 exf5 19. Bxh5 Rxh5 20. fxg7 Nf6 21. g8Q+ Nxg8 22. Rxg8+ Kd7 23. Rxa8 Rh1+ 24. Kd2 Rxd1+ 25. Rxd1 1-0

[Event "Hofheim Spring op-A 3rd"]
[Site "Hofheim"]
[Date "2015.04.11"]
[Round "8"]
[White "Wanie, Karsten"]
[Black "Phunhon Lopez, Daniel Alejandro"]
[Result "1-0"]
[WhiteElo "2129"]
[BlackElo "1872"]
[PlyCount "41"]
[EventDate "2015.04.07"]
[EventType "swiss"]
[EventRounds "9"]
[EventCountry "GER"]
[SourceTitle "CBM 166 Extra"]
[Source "ChessBase"]
[SourceDate "2015.06.18"]
[SourceVersion "1"]
[SourceVersionDate "2015.06.18"]
[SourceQuality "1"]

1. d4 Nf6 2. c4 e6 3. Nc3 Bb4 4. Qc2 c5 5. dxc5 Bxc5 6. Nf3 Nc6 7. Bg5 0-0 8. e3 Bb4 9. Bd3 h6 10. Bh4 d5 11. a3 Be7 12. 0-0 dxc4 13. Bxc4 a6 14. Rfd1 Qa5 15. b4 Qc7 16. Bg3 e5 17. Nd5 Nxd5 18. Bxd5 Bg4 19. Bxe5 Qb6 20. Bb2 Rac8 21. Qg6 1-0

[Event "Hofheim Spring op-A 3rd"]
[Site "Hofheim"]
[Date "2015.04.10"]
[Round "7"]
[White "Hilverda, Alexander"]
[Black "Wanie, Karsten"]
[Result "1-0"]
[WhiteElo "2404"]
[BlackElo "2129"]
[PlyCount "51"]
[EventDate "2015.04.07"]
[EventType "swiss"]
[EventRounds "9"]
[EventCountry "GER"]
[SourceTitle "CBM 166 Extra"]
[Source "ChessBase"]
[SourceDate "2015.06.18"]
[SourceVersion "1"]
[SourceVersionDate "2015.06.18"]
[SourceQuality "1"]

1. d4 d5 2. c4 c6 3. Nc3 Nf6 4. Nf3 dxc4 5. a4 Bf5 6. Ne5 Nbd7 7. Nxc4 Nb6 8. Ne5 a5 9. g3 e6 10. Bg2 Bb4 11. 0-0 0-0 12. e3 Nfd7 13. e4 Bg6 14. Nxg6 hxg6 15. Qe2 e5 16. d5 Qe7 17. Be3 Bc5 18. Bxc5 Nxc5 19. Qc2 Na6 20. Rac1 Nb4 21. Qb3 Nd7 22. Rfd1 Nc5 23. Qc4 Rfd8 24. d6 Qg5 25. Qxc5 Nd3 26. f4 1-0

[Event "Hofheim Spring op-A 3rd"]
[Site "Hofheim"]
[Date "2015.04.08"]
[Round "2"]
[White "Wanie, Karsten"]
[Black "Epishin, Vladimir"]
[Result "0-1"]
[WhiteElo "2129"]
[BlackElo "2563"]
[PlyCount "104"]
[EventDate "2015.04.07"]
[EventType "swiss"]
[EventRounds "9"]
[EventCountry "GER"]
[SourceTitle "CBM 166 Extra"]
[Source "ChessBase"]
[SourceDate "2015.06.18"]
[SourceVersion "1"]
[SourceVersionDate "2015.06.18"]
[SourceQuality "1"]

1. d4 g6 2. c4 c5 3. d5 Bg7 4. e4 d6 5. h3 e6 6. Nf3 Ne7 7. Bd3 0-0 8. 0-0 Nd7 9. Nbd2 h6 10. Rb1 b6 11. a3 g5 12. Re1 Ng6 13. Bf1 exd5 14. cxd5 Nde5 15. Nxe5 Nxe5 16. Nc4 f5 17. Nxe5 Bxe5 18. exf5 Bxf5 19. Bd3 Qd7 20. Be3 Rf6 21. Bxf5 Rxf5 22. Qd3 Raf8 23. b4 Qf7 24. Rbd1 h5 25. bxc5 bxc5 26. f3 Kg7 27. Rf1 g4 28. f4 Bxf4 29. Bxf4 Rxf4 30. Rxf4 Qxf4 31. Rb1 Rf7 32. hxg4 hxg4 33. Qc3+ Kg6 34. Qd3+ Qf5 35. Qxf5+ Rxf5 36. Rb7 g3 37. Rxa7 Kf6 38. Ra8 Rxd5 39. Kf1 Rd3 40. Ke2 c4 41. a4 Ra3 42. a5 Ke5 43. Rg8 d5 44. a6 Rxa6 45. Rxg3 Kd4 46. Kd2 Ra2+ 47. Kc1 c3 48. Rg4+ Kd3 49. Rg3+ Kc4 50. Rg4+ d4 51. Rg8 Ra1+ 52. Kc2 d3# 0-1

[Event "Karl Mala Memorial op-A 17th"]
[Site "Frankfurt"]
[Date "2014.08.01"]
[Round "3"]
[White "Boeddeker, Henry"]
[Black "Wanie, Karsten"]
[Result "1/2-1/2"]
[WhiteElo "1917"]
[BlackElo "2170"]
[PlyCount "57"]
[EventDate "2014.07.31"]
[EventType "swiss"]
[EventRounds "7"]
[EventCountry "GER"]
[SourceTitle "EXT 2015"]
[Source "ChessBase"]
[SourceDate "2014.11.20"]
[SourceVersion "1"]
[SourceVersionDate "2014.11.20"]
[SourceQuality "1"]

1. e4 e6 2. d3 d5 3. Qe2 d4 4. g3 c5 5. Bg2 e5 6. f4 Nc6 7. Nf3 Bd6 8. fxe5 Nxe5 9. Nxe5 Bxe5 10. 0-0 Ne7 11. Nd2 0-0 12. Nc4 Nc6 13. Bf4 Qe7 14. Rf2 Bd7 15. a4 b6 16. Raf1 f6 17. h4 g5 18. Nxe5 Nxe5 19. hxg5 fxg5 20. Bxe5 Qxe5 21. Qh5 Rxf2 22. Rxf2 Rf8 23. Rxf8+ Kxf8 24. Qxh7 Bxa4 25. b3 Be8 26. Kh2 g4 27. Qxa7 Qh5+ 28. Kg1 Qh6 29. Qc7 1/2-1/2

[Event "Karl Mala Memorial op-A 17th"]
[Site "Frankfurt"]
[Date "2014.07.31"]
[Round "1"]
[White "Shahisavandi, Abdollah"]
[Black "Wanie, Karsten"]
[Result "0-1"]
[WhiteElo "1827"]
[BlackElo "2170"]
[PlyCount "88"]
[EventDate "2014.07.31"]
[EventType "swiss"]
[EventRounds "7"]
[EventCountry "GER"]
[SourceTitle "EXT 2015"]
[Source "ChessBase"]
[SourceDate "2014.11.20"]
[SourceVersion "1"]
[SourceVersionDate "2014.11.20"]
[SourceQuality "1"]

1. d4 d5 2. Nf3 c6 3. Bf4 Qb6 4. b3 Nf6 5. e3 Bg4 6. Be2 e6 7. 0-0 Be7 8. Nbd2 0-0 9. c4 c5 10. dxc5 Bxc5 11. Ne5 Bxe2 12. Qxe2 Nc6 13. cxd5 exd5 14. Qf3 Rfe8 15. Nd3 Bf8 16. Rfd1 Ne4 17. Rac1 Qa6 18. Nf1 Qxa2 19. b4 Nxb4 20. Ne5 Qa6 21. Rc7 Re7 22. Rcc1 f6 23. Ng4 h5 24. Nh6+ gxh6 25. Qxh5 Qe6 26. Bxh6 Bxh6 27. Qxh6 Rh7 28. Qf4 Qe5 29. Qg4+ Rg7 30. Rc8+ Rxc8 31. Qxc8+ Kh7 32. f3 Nd6 33. Qh3+ Kg8 34. Rd4 Nc2 35. f4 Qf5 36. Qxf5 Nxf5 37. Rxd5 Rxg2+ 38. Kh1 Rf2 39. Rd8+ Kf7 40. Kg1 Re2 41. Rd7+ Ke6 42. Rxb7 Ncxe3 43. Rxa7 Re1 44. Kf2 Rxf1+ 0-1

[Event "Karl Mala Memorial op 14th"]
[Site "Frankfurt"]
[Date "2011.07.09"]
[Round "5"]
[White "Loewe, Lennard"]
[Black "Wanie, Karsten"]
[Result "1/2-1/2"]
[WhiteElo "2008"]
[BlackElo "2194"]
[PlyCount "79"]
[EventDate "2011.07.07"]
[EventType "swiss"]
[EventRounds "7"]
[EventCountry "GER"]
[SourceTitle "EXT 2012"]
[Source "ChessBase"]
[SourceDate "2011.11.24"]
[SourceVersion "1"]
[SourceVersionDate "2011.11.24"]
[SourceQuality "1"]

1. e4 e6 2. d4 d5 3. Nc3 Bb4 4. exd5 exd5 5. Bd3 Nc6 6. a3 Bxc3+ 7. bxc3 Nf6 8. Ne2 0-0 9. 0-0 Na5 10. Bg5 Qd6 11. Bf4 Qc6 12. Ng3 Nc4 13. Nh5 Nb2 14. Nxf6+ Qxf6 15. Qf3 Nxd3 16. cxd3 g5 17. Bxc7 Qxf3 18. gxf3 Bh3 19. Rfc1 Rac8 20. Bd6 Rfe8 21. c4 Re6 22. Bb4 Rec6 23. c5 Rf6 24. Re1 Rxf3 25. Re3 g4 26. Rae1 Rc6 27. Re5 Re6 28. Rg5+ Kh8 29. Rxd5 Rxd3 30. Rde5 Rxe5 31. Rxe5 Rd1+ 32. Re1 Rxe1+ 33. Bxe1 Kg8 34. Bb4 f6 35. d5 Kf7 36. Bc3 f5 37. Be5 Ke7 38. a4 Kd7 39. a5 a6 40. Bf4 1/2-1/2